LEADER 01032nam a2200241 i 4500 001 991001610029707536 005 20020502192501.0 008 960604s1986 it ||| | ita 035 $ab10878415-39ule_inst 035 $aLE02372882$9ExL 040 $aDip.to Studi Storici$bita 082 04$a306.85094 245 03$aLa famiglia e la vita quotidiana in Europa dal '400 al '600 :$bfonti e problemi : atti del Convegno internazionale, Milano 1-4 dicembre 1983 260 $aRoma :$b[s.n.],$c1986$e(Como :$fNew press) 300 $a523 p. :$bill. ;$c24 cm. 490 0 $aPubblicazioni degli Archivi di Stato.$pSaggi ;$v4 650 04$aFamiglia$xEuropa$xSec. 15.-17.$xCongressi$y1983 907 $a.b10878415$b23-02-17$c28-06-02 912 $a991001610029707536 945 $aLE023 306.85 FAM 4 1$g1$i2023000029893$lle023$o-$pE0.00$q-$rn$so $t0$u1$v0$w1$x0$y.i10985980$z28-06-02 996 $aFamiglia e la vita quotidiana in Europa dal '400 al '600$9131629 997 $aUNISALENTO 998 $ale023$b01-01-96$cm$da $e-$fita$git $h3$i1